| 000 | 01339nam a22002297a 4500 | ||
|---|---|---|---|
| 999 |
_c23681 _d23681 |
||
| 003 | NUST | ||
| 005 | 20170606130524.0 | ||
| 008 | 131231b xxu||||| |||| 00| 0 eng d | ||
| 020 |
_a92917151506 _cAvailable |
||
| 040 |
_aDLC _bDLC _cRCMS |
||
| 050 | _a629.132 IAT | ||
| 082 |
_26th, ed. _a629.132 IAT _b002113 |
||
| 100 |
_aInternational Air Transport Association _92090 |
||
| 245 |
_aFlight Simulator Design and Performance Data Requirements _cInternational Air Transport Assocation |
||
| 260 |
_aGeneva _bInternational Air Transport Assocation _cc2000 |
||
| 300 |
_axii,210,p: _bill: _c24,cm. |
||
| 538 | _iShelf # 10, Row # 6, Mechanical & Aerospace. Shelf No 1 Row No 3 | ||
| 650 |
_xFlight Simulator Design _92091 |
||
| 856 | _3Table of Content Only | ||
| 942 |
_2ddc _cBK _h629.132 IAT |
||